<?xml version="1.0" encoding="UTF-8"?>
<record
    xmlns:xsi="http://www.w3.org/2001/XMLSchema-instance"
    xsi:schemaLocation="http://www.loc.gov/MARC21/slim http://www.loc.gov/standards/marcxml/schema/MARC21slim.xsd"
    xmlns="http://www.loc.gov/MARC21/slim">

  <leader>02869    a2200277   4500</leader>
  <controlfield tag="003">NALT</controlfield>
  <controlfield tag="005">20260112142641.0</controlfield>
  <controlfield tag="008">220919b        th ||||| |||| 00| 0 tha d</controlfield>
  <datafield tag="020" ind1=" " ind2=" ">
    <subfield code="a">9789740340386</subfield>
  </datafield>
  <datafield tag="040" ind1=" " ind2=" ">
    <subfield code="a">NALT</subfield>
  </datafield>
  <datafield tag="090" ind1=" " ind2=" ">
    <subfield code="a">KD 60</subfield>
    <subfield code="b">&#xE23;165&#xE04; 2564</subfield>
  </datafield>
  <datafield tag="100" ind1="0" ind2=" ">
    <subfield code="a">&#xE23;&#xE27;&#xE34;&#xE19;&#xE17;&#xE4C; &#xE25;&#xE35;&#xE25;&#xE30;&#xE1E;&#xE31;&#xE12;&#xE19;&#xE30;.</subfield>
    <subfield code="9">37719</subfield>
  </datafield>
  <datafield tag="245" ind1="1" ind2="0">
    <subfield code="a">&#xE04;&#xE14;&#xE35; Miller &#xE01;&#xE31;&#xE1A;&#xE2B;&#xE25;&#xE31;&#xE01;&#xE2D;&#xE33;&#xE19;&#xE32;&#xE08;&#xE2A;&#xE39;&#xE07;&#xE2A;&#xE38;&#xE14;&#xE17;&#xE32;&#xE07;&#xE19;&#xE34;&#xE15;&#xE34;&#xE1A;&#xE31;&#xE0D;&#xE0D;&#xE31;&#xE15;&#xE34;&#xE40;&#xE1B;&#xE47;&#xE19;&#xE02;&#xE2D;&#xE07;&#xE23;&#xE31;&#xE10;&#xE2A;&#xE20;&#xE32; : </subfield>
    <subfield code="b">&#xE1A;&#xE17;&#xE40;&#xE23;&#xE35;&#xE22;&#xE19;&#xE08;&#xE32;&#xE01;&#xE01;&#xE0E;&#xE2B;&#xE21;&#xE32;&#xE22;&#xE23;&#xE31;&#xE10;&#xE18;&#xE23;&#xE23;&#xE21;&#xE19;&#xE39;&#xE0D;&#xE2A;&#xE2B;&#xE23;&#xE32;&#xE0A;&#xE2D;&#xE32;&#xE13;&#xE32;&#xE08;&#xE31;&#xE01;&#xE23;&#xE43;&#xE19;&#xE40;&#xE2B;&#xE15;&#xE38;&#xE01;&#xE32;&#xE23;&#xE13;&#xE4C;&#xE40;&#xE1A;&#xE23;&#xE47;&#xE01;&#xE0B;&#xE34;&#xE17; /</subfield>
    <subfield code="c">&#xE23;&#xE27;&#xE34;&#xE19;&#xE17;&#xE23;&#xE4C; &#xE25;&#xE35;&#xE25;&#xE30;&#xE1E;&#xE31;&#xE12;&#xE19;&#xE30;.</subfield>
  </datafield>
  <datafield tag="250" ind1=" " ind2=" ">
    <subfield code="a">&#xE1E;&#xE34;&#xE21;&#xE1E;&#xE4C;&#xE04;&#xE23;&#xE31;&#xE49;&#xE07;&#xE17;&#xE35;&#xE48; 1.</subfield>
  </datafield>
  <datafield tag="260" ind1=" " ind2=" ">
    <subfield code="a">&#xE01;&#xE23;&#xE38;&#xE07;&#xE40;&#xE17;&#xE1E;&#xE2F; :</subfield>
    <subfield code="b">&#xE2A;&#xE33;&#xE19;&#xE31;&#xE01;&#xE1E;&#xE34;&#xE21;&#xE1E;&#xE4C;&#xE41;&#xE2B;&#xE48;&#xE07;&#xE08;&#xE38;&#xE2C;&#xE32;&#xE25;&#xE07;&#xE01;&#xE23;&#xE13;&#xE4C;&#xE21;&#xE2B;&#xE32;&#xE27;&#xE34;&#xE17;&#xE22;&#xE32;&#xE25;&#xE31;&#xE22;,</subfield>
    <subfield code="c">2564</subfield>
  </datafield>
  <datafield tag="300" ind1=" " ind2=" ">
    <subfield code="a">115 &#xE2B;&#xE19;&#xE49;&#xE32; :</subfield>
    <subfield code="b">&#xE20;&#xE32;&#xE1E;&#xE1B;&#xE23;&#xE30;&#xE01;&#xE2D;&#xE1A;, &#xE15;&#xE32;&#xE23;&#xE32;&#xE07; ;</subfield>
    <subfield code="c">26 &#xE0B;&#xE21;.</subfield>
  </datafield>
  <datafield tag="505" ind1="0" ind2=" ">
    <subfield code="a">&#xE1A;&#xE17;&#xE17;&#xE35;&#xE48; 1 &#xE1A;&#xE17;&#xE19;&#xE33;: &#xE40;&#xE1A;&#xE23;&#xE47;&#xE01;&#xE0B;&#xE34;&#xE17;, &#xE04;&#xE14;&#xE35; Miller, &#xE41;&#xE25;&#xE30;&#xE2B;&#xE25;&#xE31;&#xE01;&#xE2D;&#xE33;&#xE19;&#xE32;&#xE08;&#xE2A;&#xE39;&#xE07;&#xE2A;&#xE38;&#xE14;&#xE17;&#xE32;&#xE07;&#xE19;&#xE34;&#xE15;&#xE34;&#xE1A;&#xE31;&#xE0D;&#xE0D;&#xE31;&#xE15;&#xE34;&#xE40;&#xE1B;&#xE47;&#xE19;&#xE02;&#xE2D;&#xE07;&#xE23;&#xE31;&#xE10;&#xE2A;&#xE20;&#xE32; -- &#xE1A;&#xE17;&#xE17;&#xE35;&#xE48; 2 &#xE1B;&#xE23;&#xE30;&#xE40;&#xE14;&#xE47;&#xE19;&#xE1E;&#xE34;&#xE1E;&#xE32;&#xE17;&#xE43;&#xE19;&#xE04;&#xE14;&#xE35; Miller &#xE01;&#xE31;&#xE1A;&#xE1A;&#xE17;&#xE1A;&#xE32;&#xE17;&#xE02;&#xE2D;&#xE07;&#xE2B;&#xE25;&#xE31;&#xE01;&#xE2D;&#xE33;&#xE19;&#xE32;&#xE08;&#xE2A;&#xE39;&#xE07;&#xE2A;&#xE38;&#xE14;&#xE17;&#xE32;&#xE07;&#xE19;&#xE34;&#xE15;&#xE34;&#xE1A;&#xE31;&#xE0D;&#xE0D;&#xE31;&#xE15;&#xE34;&#xE40;&#xE1B;&#xE47;&#xE19;&#xE02;&#xE2D;&#xE07;&#xE23;&#xE31;&#xE10;&#xE2A;&#xE20;&#xE32;&#xE43;&#xE19;&#xE01;&#xE32;&#xE23;&#xE08;&#xE31;&#xE14;&#xE42;&#xE04;&#xE23;&#xE07;&#xE2A;&#xE23;&#xE49;&#xE32;&#xE07;&#xE01;&#xE32;&#xE23;&#xE40;&#xE21;&#xE37;&#xE2D;&#xE07;&#xE01;&#xE32;&#xE23;&#xE1B;&#xE01;&#xE04;&#xE23;&#xE2D;&#xE07;&#xE41;&#xE1A;&#xE1A;&#xE40;&#xE2A;&#xE23;&#xE35;&#xE1B;&#xE23;&#xE30;&#xE0A;&#xE32;&#xE18;&#xE34;&#xE1B;&#xE44;&#xE15;&#xE22; -- &#xE1A;&#xE17;&#xE17;&#xE35;&#xE48; 3 &#xE04;&#xE33;&#xE1E;&#xE34;&#xE1E;&#xE32;&#xE01;&#xE29;&#xE32;&#xE02;&#xE2D;&#xE07;&#xE28;&#xE32;&#xE25;&#xE0E;&#xE35;&#xE01;&#xE32;&#xE41;&#xE2B;&#xE48;&#xE07;&#xE2A;&#xE2B;&#xE23;&#xE32;&#xE0A;&#xE2D;&#xE32;&#xE13;&#xE32;&#xE08;&#xE31;&#xE01;&#xE23;&#xE43;&#xE19;&#xE04;&#xE14;&#xE35; Miller &#xE01;&#xE31;&#xE1A;&#xE2B;&#xE25;&#xE31;&#xE01;&#xE2D;&#xE33;&#xE19;&#xE32;&#xE08;&#xE2A;&#xE39;&#xE07;&#xE2A;&#xE38;&#xE14;&#xE17;&#xE32;&#xE07;&#xE19;&#xE34;&#xE15;&#xE34;&#xE1A;&#xE31;&#xE0D;&#xE0D;&#xE31;&#xE15;&#xE34;&#xE40;&#xE1B;&#xE47;&#xE19;&#xE02;&#xE2D;&#xE07;&#xE23;&#xE31;&#xE10;&#xE2A;&#xE20;&#xE32; -- &#xE1A;&#xE17;&#xE17;&#xE35;&#xE48; 4 &#xE08;&#xE32;&#xE01;&#xE04;&#xE14;&#xE35; Miller I &#xE16;&#xE36;&#xE07;&#xE04;&#xE14;&#xE35; Miller II: &#xE2B;&#xE25;&#xE31;&#xE01;&#xE2D;&#xE33;&#xE19;&#xE32;&#xE08;&#xE2A;&#xE39;&#xE07;&#xE2A;&#xE38;&#xE14;&#xE17;&#xE32;&#xE07;&#xE19;&#xE34;&#xE15;&#xE34;&#xE1A;&#xE31;&#xE0D;&#xE0D;&#xE31;&#xE15;&#xE34;&#xE40;&#xE1B;&#xE47;&#xE19;&#xE02;&#xE2D;&#xE07;&#xE23;&#xE31;&#xE10;&#xE2A;&#xE20;&#xE32;&#xE20;&#xE32;&#xE22;&#xE2B;&#xE25;&#xE31;&#xE07; &#xE04;.&#xE28;. 2017 -- &#xE1A;&#xE17;&#xE17;&#xE35;&#xE48; 5 &#xE02;&#xE49;&#xE2D;&#xE04;&#xE27;&#xE32;&#xE21;&#xE2A;&#xE48;&#xE07;&#xE17;&#xE49;&#xE32;&#xE22;.</subfield>
  </datafield>
  <datafield tag="650" ind1=" " ind2="4">
    <subfield code="a">&#xE01;&#xE0E;&#xE2B;&#xE21;&#xE32;&#xE22;&#xE23;&#xE31;&#xE10;&#xE18;&#xE23;&#xE23;&#xE21;&#xE19;&#xE39;&#xE0D;</subfield>
    <subfield code="z">&#xE2A;&#xE2B;&#xE23;&#xE32;&#xE0A;&#xE2D;&#xE32;&#xE13;&#xE32;&#xE08;&#xE31;&#xE01;&#xE23;</subfield>
  </datafield>
  <datafield tag="650" ind1=" " ind2="4">
    <subfield code="9">59032</subfield>
    <subfield code="a">&#xE2D;&#xE33;&#xE19;&#xE32;&#xE08;&#xE19;&#xE34;&#xE15;&#xE34;&#xE1A;&#xE31;&#xE0D;&#xE0D;&#xE31;&#xE15;&#xE34;</subfield>
    <subfield code="z">&#xE2A;&#xE2B;&#xE23;&#xE32;&#xE0A;&#xE2D;&#xE32;&#xE13;&#xE32;&#xE08;&#xE31;&#xE01;&#xE23;</subfield>
  </datafield>
  <datafield tag="651" ind1=" " ind2="4">
    <subfield code="9">35668</subfield>
    <subfield code="a">&#xE2A;&#xE2B;&#xE20;&#xE32;&#xE1E;&#xE22;&#xE38;&#xE42;&#xE23;&#xE1B;</subfield>
  </datafield>
  <datafield tag="653" ind1=" " ind2="4">
    <subfield code="a">&#xE01;&#xE32;&#xE23;&#xE1E;&#xE34;&#xE08;&#xE32;&#xE23;&#xE13;&#xE32;&#xE04;&#xE14;&#xE35;&#xE08;&#xE35;&#xE19;&#xE32; &#xE21;&#xE34;&#xE25;&#xE40;&#xE25;&#xE2D;&#xE23;&#xE4C;</subfield>
  </datafield>
  <datafield tag="653" ind1=" " ind2="4">
    <subfield code="a">&#xE40;&#xE1A;&#xE23;&#xE47;&#xE01;&#xE0B;&#xE34;&#xE17;</subfield>
  </datafield>
  <datafield tag="850" ind1=" " ind2=" ">
    <subfield code="a">NALT</subfield>
  </datafield>
  <datafield tag="942" ind1=" " ind2=" ">
    <subfield code="2">local</subfield>
    <subfield code="c">LB</subfield>
  </datafield>
  <datafield tag="998" ind1=" " ind2=" ">
    <subfield code="c">103</subfield>
    <subfield code="b">phon</subfield>
    <subfield code="j">111</subfield>
    <subfield code="k"> &#xE19;&#xE32;&#xE07;&#xE2A;&#xE32;&#xE27;&#xE1E;&#xE08;&#xE1E;&#xE34;&#xE13;  &#xE1E;&#xE23;&#xE21;&#xE40;&#xE2D;&#xE35;&#xE48;&#xE22;&#xE21;</subfield>
  </datafield>
  <datafield tag="999" ind1=" " ind2=" ">
    <subfield code="c">100709</subfield>
    <subfield code="d">100709</subfield>
  </datafield>
  <datafield tag="952" ind1=" " ind2=" ">
    <subfield code="0">0</subfield>
    <subfield code="1">0</subfield>
    <subfield code="2">local</subfield>
    <subfield code="4">0</subfield>
    <subfield code="7">0</subfield>
    <subfield code="8">CLAW</subfield>
    <subfield code="a">NALT</subfield>
    <subfield code="b">NALT</subfield>
    <subfield code="c">LAW</subfield>
    <subfield code="d">2022-09-16</subfield>
    <subfield code="e">1</subfield>
    <subfield code="l">3</subfield>
    <subfield code="m">2</subfield>
    <subfield code="o">KD 60 &#xE23;165&#xE04; 2564</subfield>
    <subfield code="p">3961213121</subfield>
    <subfield code="r">2026-01-23 00:00:00</subfield>
    <subfield code="s">2026-01-12</subfield>
    <subfield code="t">&#xE09;.1</subfield>
    <subfield code="w">2022-09-16</subfield>
    <subfield code="y">LB</subfield>
  </datafield>
  <datafield tag="952" ind1=" " ind2=" ">
    <subfield code="0">0</subfield>
    <subfield code="1">0</subfield>
    <subfield code="2">local</subfield>
    <subfield code="4">0</subfield>
    <subfield code="7">0</subfield>
    <subfield code="8">CLAW</subfield>
    <subfield code="a">NALT</subfield>
    <subfield code="b">NALT</subfield>
    <subfield code="c">LAW</subfield>
    <subfield code="d">2022-09-16</subfield>
    <subfield code="e">1</subfield>
    <subfield code="l">1</subfield>
    <subfield code="o">KD 60 &#xE23;165&#xE04; 2564</subfield>
    <subfield code="p">3961213210</subfield>
    <subfield code="r">2024-05-14 00:00:00</subfield>
    <subfield code="s">2024-05-07</subfield>
    <subfield code="t">&#xE09;.2</subfield>
    <subfield code="w">2022-09-16</subfield>
    <subfield code="y">LB</subfield>
  </datafield>
</record>
